Őseink útján - lóháton Mikrofonvégen: Sereghy Zoltán emléktúrázó

Bibliographic Details
Main Authors: Sereghy, Zoltán (Author), Miskó, Ildikó, 1965- (Author)
Format: Article
Language:Hungarian
Subjects:

MARC

LEADER 00000nab a2200000 a 4500
001 vtls000597976
003 SK-MaSNL
005 20260319073506.0
008 180331c1996 xo 0 hun
015 |a SNBRB19rr/mm-uuuuu 
035 |a CL0598115 
040 |a SNKBUCL  |b slo  |c SNKBUCL  |e AACR2 
041 0 |a hun 
044 |a xo  |c SK 
080 |a 940.1"09/10"  |2 1981 
080 |a 943.9  |2 1981 
080 |a 798.28  |2 1981 
100 1 |a Sereghy, Zoltán  |4 aut  |9 998919 
245 1 0 |a Őseink útján - lóháton  |b Mikrofonvégen: Sereghy Zoltán emléktúrázó  |c Zoltán Sereghy, Ildikó Miskó 
300 |b Fotogr. 3 
650 0 7 |a Maďari  |2 snkbucl  |9 18097 
651 7 |a 5204  |2 snkbucl  |9 376683 
651 7 |a Panónska panva  |2 snkbucl  |9 62620 
655 7 |a články z novín a časopisov  |2 snkbucl  |9 267496 
700 1 |a Miskó, Ildikó,  |d 1965-  |4 aut  |9 904879 
700 1 |a Sereghy, Zoltán  |4 aut  |9 998919 
773 0 |t Szabad újság  |g Roč. 4, č. 36 (1996), s. 14 
850 |a Slovenská národná knižnica v Martine  |a DSG001 
852 |a SNK  |b KIS3GCP 
958 |a RK 
958 |a HU 
958 |a SK 
992 |a RBX 
999 |c 1614421  |d 1616351